Real World XML /

Na minha lista:
Detalhes bibliográficos
Autor principal: Holzner, Steven (autor)
Formato: Livro
Idioma:inglês
Publicado em: Indianápolis, EUA : New Riders, 2003, c2003
Assuntos:
Tags: Adicionar Tag
Sem tags, seja o primeiro a adicionar uma tag!

MARC

LEADER 00000nam^a2200000^a^4500
001 000157820
005 20250521000000.0
009 20260310100552.873
020 |a 0-7357-1286-7 
037 |a Acervo ITESO - Biblioteca 
041 |a ING 
082 |a 005. 133  |b HOL 
100 |a Holzner, Steven  |e (autor) 
240 1 1 |a [Inside XML] 
245 1 0 |a Real World XML /  |c S. Holzner. 
264 4 |a Indianápolis, EUA :  |b New Riders,  |c 2003, c2003 
300 |a XXXIV, 1162 p. 
336 |a texto  |b txt  |2 rdacontenido 
337 |a sin mediación  |b n  |2 rdamedio 
338 |a volumen  |b nc  |2 rdasoporte 
649 |a XX 
650 |a Cómputo Distribuido 
650 |a Proceso Electrónico de Datos 
650 |a Proceso de Datos 
650 |a Páginas en Línea -  |x Diseño y Construcción 
650 |a Interfaz Gráfica de Usuario 
650 |a Interfaz de Usuario 
650 |a Internet 
650 |a Redes de Computadoras 
650 |a Comunicación en Red 
650 |a Telecomunicaciones 
650 |a Hipertexto 
650 |a Lenguajes de Programación 
650 |a Programación Orientada a Objetos 
650 |a Programación (Software) 
650 |a Desarrollo de Sistemas 
650 |a Sistemas de Información 
650 |a Sistemas Computacionales 
650 |a Ingeniería Computacional 
910 |a Fondo General 
920 |a Impresos - Libros 
930 |a Colección General 
905 |a 101 
901 |a 0500087366  |b IT1  |c ACC  |u 20250521 
902 |a https://opac.biblio.iteso.mx/vufind/Record/000157820